Culture Générale - Série 680 - Statistiques

Statistiques générales
  • Ce quiz a été pris 297 fois
  • Le résultat moyen est 6 sur 10
Statistiques - réponses
Question Réponse % Correct
Quel nom ont en commun une variété de poire, le chanteur britannique Robbie et les deux soeurs américaines reines du tennis ? Williams
96%
Quel comédien français est à l'affiche des films "La Traversée de Paris", "Le Corniaud" et "Le Cercle rouge" ? Bourvil
81%
Dans quel dessin animé un inspecteur un peu idiot déjoue les plans du docteur Gang grâce à Sophie et Finot ? Inspecteur Gadget
75%
Quel auteur français a écrit dans sa pièce "Huis clos" : "L'enfer c'est les autres" ? Jean-Paul Sartre
69%
Dans quel sport les Autrichiens Hermann Maier, Stefan Eberharter et Franz Klammer ont-ils collectionné les titres ? ski
65%
Qui est l'auteur et l'interprète des titres : "Madeleine" en 1962, et "Mathilde" en 1964 ? Jacques Brel
55%
Quel film de Jean Becker réunit Isabelle Adjani et Alain Souchon, en 1983 ? L'Eté meurtrier
49%
Quel ninja blond créé par Masashi Kishimoto est un célèbre héros de manga ? Naruto
46%
Sous quel nom est plus connu Armand Jean Du Plessis ? Richelieu
30%
En haut de quel monument parisien peut-on admirer l'“Apollon élevant sa lyre”, du sculpteur Aimé Millet ? L'opéra Garnier
17%
Aucun quiz correspondant
Distribution des résultats
% des personnes avec chaque résultat
Percentile par nombre de réponses
Votre historique - résultats
Vous n’avez pas pris ce quiz